000
00353nam a2200133Ia 4500
008
151001s9999||||xx |||||||||||||| ||und||
100
_a
Thrkell Angela
245
_a
Wild Strawbweeies
250
_a
4
260
_b
Penguin Books
260
_c
1937
300
_a
256
365
_b
8
999
_c
949822
_d
949819